<?xml version="1.0" encoding="UTF-8"?>
<record
    xmlns:xsi="http://www.w3.org/2001/XMLSchema-instance"
    xsi:schemaLocation="http://www.loc.gov/MARC21/slim http://www.loc.gov/standards/marcxml/schema/MARC21slim.xsd"
    xmlns="http://www.loc.gov/MARC21/slim">

  <leader>01437nam a22001337a 4500</leader>
  <controlfield tag="008">150612b        xxu||||| |||| 00| 0 eng d</controlfield>
  <datafield tag="082" ind1=" " ind2=" ">
    <subfield code="a">708</subfield>
    <subfield code="b">P 664p</subfield>
  </datafield>
  <datafield tag="110" ind1=" " ind2=" ">
    <subfield code="a">Instituto IP Capital Partners</subfield>
    <subfield code="9">3132</subfield>
  </datafield>
  <datafield tag="245" ind1=" " ind2=" ">
    <subfield code="a">PIPA</subfield>
    <subfield code="b">Premio IP Capital Partners de Arte</subfield>
  </datafield>
  <datafield tag="260" ind1=" " ind2=" ">
    <subfield code="a">Brasil</subfield>
    <subfield code="b">IIP</subfield>
    <subfield code="c">2014</subfield>
  </datafield>
  <datafield tag="300" ind1=" " ind2=" ">
    <subfield code="a">191 p.</subfield>
    <subfield code="b">ill. (col)</subfield>
    <subfield code="c">25 cm</subfield>
  </datafield>
  <datafield tag="500" ind1=" " ind2=" ">
    <subfield code="a">Adriano Motta/Alexandre Brandao/Alexandre Mazza/Alexandre Vogler/Alice Miceli/Aline Dias/Ana Mazzei/Ana Paula Oliveira/Andre Griffo/Andre Santangelo/Arjan Martins/Armando Queiroz/Arthur Scovino/Berna Reale/Beto Shwafaty/Bruno Schultze/Cao Guimaraes/Carla Zaccagnini/Clara Ianni/Cristi&#xE1;n Silva-Avaria/Daniel de Paula/Daniel Escobar/Daniel Steegmann Mangrane/Diego de Santos/Eduardo Berliner/Eneida Sanches/Fabia Schnoor/Felipe Prando/Fernanda Quindere/Fernando Mendonca/Gisele Camargo/Ivan Grilo/Laura Vinci/Layla Motta/Lourival Cuquinha/Luiz Roque/Mayana Redin/Maikel da Maia/Marcelo J&#xE1;come/Marcone Moreira/Marina Rheingantz/Marina Weffort/Maur&#xED;cio Ianes/Otavio Schipper/Pablo Ferretti/Paulo Nimer Pjot/Renato Pera/Roberto Winter/Rodrigo Bivar/Rodrigo Braga/Rodrigo Cunha/Ronald Duarte/Runo Lagomarsino/Sofia Borges/Tamar Guimar&#xE3;es/Tamara Andrade/Thiago Martins de Melo/Toz/Vanderlei Lopes/Virg&#xED;lio Neto/Virginia de Medeiros/Vivian Caccuri/Wagner Malta Tavares/Waleska Reuter/Willian Santos/Yana Tamayo/Zez&#xE3;o</subfield>
  </datafield>
  <datafield tag="650" ind1=" " ind2=" ">
    <subfield code="x">Bienal</subfield>
    <subfield code="x">Arte Brasil</subfield>
    <subfield code="x">PIPA</subfield>
    <subfield code="x">Museo de Arte Moderno. </subfield>
    <subfield code="9">3133</subfield>
    <subfield code="z">Rio de Janeiro</subfield>
  </datafield>
  <datafield tag="999" ind1=" " ind2=" ">
    <subfield code="c">697</subfield>
    <subfield code="d">697</subfield>
  </datafield>
  <datafield tag="952" ind1=" " ind2=" ">
    <subfield code="0">0</subfield>
    <subfield code="1">0</subfield>
    <subfield code="2">ddc</subfield>
    <subfield code="4">0</subfield>
    <subfield code="7">0</subfield>
    <subfield code="a">LV</subfield>
    <subfield code="b">LV</subfield>
    <subfield code="c">Eventos y Bienales</subfield>
    <subfield code="d">2015-06-12</subfield>
    <subfield code="l">0</subfield>
    <subfield code="o">708 P 664p</subfield>
    <subfield code="p">004051</subfield>
    <subfield code="r">2015-06-12 00:00:00</subfield>
    <subfield code="w">2015-06-12</subfield>
    <subfield code="y">01</subfield>
  </datafield>
</record>
